Zvýšenie minimálnej mzdy na rok 2019

Nárok na minimálnu mzdu podľa Zákonníka práce. Výška minimálnej mzdy na rok 2019. Dosah zvýšenia sumy minimálnej mzdy na ďalšie plnenia. Mzdové zvýhodnenie za prácu v sobotu, nedeľu, za nočnú prácu. Mzda za neaktívnu časť pracovnej pohotovosti na pracovisku. Priemerný zárobok zamestnanca. Odmena za...

Description complète

Enregistré dans:
Détails bibliographiques
Auteur principal: Višňovský, Viliam
Format: Chapitre de livre
Langue:slovaque
Sujets:
Tags: Ajouter un tag
Pas de tags, Soyez le premier à ajouter un tag!

MARC

LEADER 00000naa a2200000 4500
001 0249475
005 20181211145122.9
041 0 |a slo 
044 |a SK 
245 1 0 |a Zvýšenie minimálnej mzdy na rok 2019  |c Viliam Višňovský 
520 |a Nárok na minimálnu mzdu podľa Zákonníka práce. Výška minimálnej mzdy na rok 2019. Dosah zvýšenia sumy minimálnej mzdy na ďalšie plnenia. Mzdové zvýhodnenie za prácu v sobotu, nedeľu, za nočnú prácu. Mzda za neaktívnu časť pracovnej pohotovosti na pracovisku. Priemerný zárobok zamestnanca. Odmena za prácu na základe dohody. 
610 2 0 |a mzdy minimálne 
610 2 0 |a mzdy priemerné 
610 2 0 |a zákonník práce 
610 2 0 |a odmeňovanie 
610 2 0 |a odmeny 
610 2 0 |a dohody pracovné 
610 2 0 |a vzťahy pracovnoprávne 
610 2 0 |a zamestnanci 
610 2 0 |a zamestnávatelia 
100 1 |a Višňovský, Viliam